00518nam a22001697a 450000500170000002000220001702000260003903700130006510000240007824500350010226000320013727000900016930000250025949000300028494200170031499900170033120120117105945.0 a817301180c160.00 a9781730118005c160.00 aDPLbPUB aChawla, Anuj939357 aInventions-2 /cby Anuj Chawla aNew DelhibDreamland c2010 aJ-128, Kirti NagarbNew Delhie110015k011-25106050l011-25438283mdreamland@vsnl.com a64p.bCOL.illc28 cm aKnow About Science939358 2ddccCHmCHA c61039d61039